000 00476nam a2200157Ia 4500
008 210716s1980 xx 000 0 und d
020 _a712600264
041 _aeng
082 _a004.69 CONS
100 _aConnell, Stephen;Galbraith, Ian A.
245 _aElectronic mail handbook: a revolution in business communications.
_bRevolution in business communications.
250 _a1
260 _aLondon
_bCentury Publishing Co.
_c1980
300 _a160
650 _aE-Commerce
999 _c180596
_d180596